Statistics for English Title winners

Click here to take the quiz!

General Stats

  • This quiz has been taken 27 times
    (5 since last reset)
  • The average score is 98 of 121

Answer Stats

YearClub% Correct
1900-01 | 1905-06 | 1921-22 | +16 othersLiverpool
100%
1888-89 | 1889-90Preston North End
80%
1930-31 | 1932-33 | 1933-34 | +10 othersArsenal
80%
1994-95Blackburn Rovers
80%
1977-78Nottingham forest
80%
1971-72 | 1974-75Derby County
80%
1968-69 | 1973-74 | 1991-92Leeds United
80%
1954-55 | 2004-05 | 2005-06 | +3 othersChelsea
80%
1950-51 | 1960-61Tottenham Hotspur
80%
1948-49 | 1949-50Portsmouth
80%
1936-37 | 1967-68 | 2011-12 | +3 othersManchester City
80%
2015-16Leicester City
80%
1890-91 | 1914-15 | 1927-28 | +6 othersEverton
80%
1920-21 | 1959-60Burnley
80%
1911-12 | 1913-14Blackburn rovers
80%
1907-08 | 1910-11 | 1951-52 | +17 othersManchester United
80%
1904-05 | 1906-07 | 1908-09 | 1926-27Newcastle United
80%
1893-94 | 1895-96 | 1896-97 | +4 othersAston Villa
80%
1891-92 | 1892-93 | 1894-95 | +3 othersSunderland
80%
1953-54 | 1957-58 | 1958-59Wolverhampton Wanderers
60%
1961-62Ipswich town
60%
1902-03 | 1903-04 | 1928-29 | 1929-30Sheffield Wednesday
60%
1897-98Sheffield United
60%
1923-24 | 1924-25 | 1925-26Huddersfield town
60%
1919-20West Bromwich albion
40%

Score Distribution

Percentile by Number Answered

Percent of People with Each Score

Your Score History

You have not taken this quiz since the last reset